Batman Villain Slideshow Quiz Stats

Quiz not verified by Sporcle

Challenge
Share
Tweet
Score 0/15 Timer 04:00
0 Plays Today
% Correct
The Joker
100%
The Penguin
98.5%
Catwoman
98.3%
Two-Face
97.3%
The Riddler
97.1%
Scarecrow
96.7%
Poison Ivy
95.8%
Harley Quinn
94.4%
% Correct
Bane
92.7%
Killer Croc
89.6%
Mad Hatter
86.7%
Ra's al Ghul
85.3%
Hugo Strange
83.2%
Deathstroke
81.9%
Calendar Man
71%

You're not logged in!

Compare scores with friends on all Sporcle quizzes.
Sign Up with Email
OR
Log In

You Might Also Like...

Show Comments

Extras

Top Quizzes Today


Score Distribution

Your Account Isn't Verified!

In order to create a playlist on Sporcle, you need to verify the email address you used during registration. Go to your Sporcle Settings to finish the process.